Statistics for Capitals of China

Click here to take the quiz!

General Stats

  • This quiz has been taken 1,103 times
    (1,096 since last reset)
  • The average score is 24 of 35

Answer Stats

ProvinceCapitalCapital sincePopulation% Correct
GuangdongGuangzhou136912,700,800
93%
BeijingBeijing192719,612,368
90%
HubeiWuhan19279,785,392
89%
ShanghaiShanghai192723,019,148
88%
HeilongjiangHarbin194910,635,971
86%
TibetLhasa1642559,423
85%
ShaanxiXi'an12868,467,837
84%
SichuanChengdu128614,047,625
82%
Hong KongHong Kong19977,061,200
82%
TaiwanTaipei18877,021,482
82%
TianjinTianjin192712,938,224
81%
JiangsuNanjing19528,004,680
80%
MacauMacau1999552,300
79%
ChongqingChongqing192728,846,170
77%
XinjiangÜrümqi18843,110,280
77%
FujianFuzhou12787,115,370
73%
HunanChangsha16647,044,118
70%
ZhejiangHangzhou13678,700,400
69%
YunnanKunming12756,432,000
69%
AnhuiHefei19465,702,000
67%
LiaoningShenyang16628,106,171
67%
HainanHaikou19502,046,189
66%
GuangxiNanning19126,661,600
61%
HenanZhengzhou19548,626,505
61%
GansuLanzhou16673,616,163
59%
Inner MongoliaHohhot19522,866,615
58%
GuizhouGuiyang14134,324,561
57%
HebeiShijiazhuang196810,163,788
54%
ShanxiTaiyuan13694,201,591
53%
JilinChangchun19547,677,089
52%
ShandongJinan13776,814,000
50%
QinghaiXining19282,208,708
46%
JiangxiNanchang12775,042,565
45%
NingxiaYinchuan19281,993,088
41%
RegionCapitalCapital sincePopulation
7%

Score Distribution

Percentile by Number Answered

Percent of People with Each Score

Your Score History

You have not taken this quiz since the last reset